00541 a2200169 4500010001400000020002300014035001300037037001500050082001900065245010800084260003200192270006400224300002400288500002100312700002000333700001800353 aENG-89663 a0415456814c795.00 aEN-73196 bDBAD / PUB14a307.14120954121 cedited by Autar S. Dhesi and Gurmail Singhba success story going astray/aRural development in Punjab: aNew DelhibRoutledgec2008 a912, Tolstoy House, 15-17 Tolstoy MargbNew Delhie110 001 a533p.c22 cm ( Hb.) aIncludes index.1 aDhesi, Autar S.1 aGurmail Singh